Bude nás čakať na trhu EÚ "eurospotrebiteľ"?

Spoločný európsky trh a jeho zákazníci. Marketingová stratégia firiem. Koncepcia globálneho marketingu. "Situačný marketing". Pojmové vymedzenie eurospotrebiteľa a jeho členenie. Základné prístupy k hodnoteniu eurospotrebiteľa.

Na minha lista:
Detalhes bibliográficos
Autor principal: Zorkóciová, Otília, 1954-
Formato: Capítulo de Livro
Idioma:eslovaco
Assuntos:
Tags: Adicionar Tag
Sem tags, seja o primeiro a adicionar uma tag!

MARC

LEADER 00000naa a2200000 4500
001 r046507
005 20230825103658.4
041 0 |a slo 
044 |a SK 
245 1 0 |a Bude nás čakať na trhu EÚ "eurospotrebiteľ"?  |c Otília Zorkóciová 
520 |a Spoločný európsky trh a jeho zákazníci. Marketingová stratégia firiem. Koncepcia globálneho marketingu. "Situačný marketing". Pojmové vymedzenie eurospotrebiteľa a jeho členenie. Základné prístupy k hodnoteniu eurospotrebiteľa. 
610 2 0 |a trh spoločný 
610 2 0 |a trh zahraničný 
610 2 0 |a spotrebitelia 
610 2 0 |a marketing 
610 2 0 |a stratégia marketingová 
610 2 0 |a Európska únia 
100 1 |a Zorkóciová, Otília, 1954-